<?xml version='1.0' encoding='UTF-8'?><?xml-stylesheet href='static/style.xsl' type='text/xsl'?><OAI-PMH xmlns="http://www.openarchives.org/OAI/2.0/" xmlns:xsi="http://www.w3.org/2001/XMLSchema-instance" xsi:schemaLocation="http://www.openarchives.org/OAI/2.0/ http://www.openarchives.org/OAI/2.0/OAI-PMH.xsd"><responseDate>2026-04-30T08:13:26Z</responseDate><request verb="GetRecord" identifier="oai:ebiltegia.mondragon.edu:20.500.11984/1909" metadataPrefix="marc">https://ebiltegia.mondragon.edu/oai/request</request><GetRecord><record><header><identifier>oai:ebiltegia.mondragon.edu:20.500.11984/1909</identifier><datestamp>2026-03-06T12:01:41Z</datestamp><setSpec>com_20.500.11984_473</setSpec><setSpec>col_20.500.11984_476</setSpec></header><metadata><record xmlns="http://www.loc.gov/MARC21/slim" xmlns:dcterms="http://purl.org/dc/terms/" xmlns:xsi="http://www.w3.org/2001/XMLSchema-instance" xmlns:doc="http://www.lyncode.com/xoai" xsi:schemaLocation="http://www.loc.gov/MARC21/slim http://www.loc.gov/standards/marcxml/schema/MARC21slim.xsd">
   <leader>00925njm 22002777a 4500</leader>
   <datafield ind2=" " ind1=" " tag="042">
      <subfield code="a">dc</subfield>
   </datafield>
   <datafield ind2=" " ind1=" " tag="720">
      <subfield code="a">Garro, Eneritz</subfield>
      <subfield code="e">author</subfield>
   </datafield>
   <datafield ind2=" " ind1=" " tag="720">
      <subfield code="a">Ipiña, Nagore</subfield>
      <subfield code="e">author</subfield>
   </datafield>
   <datafield ind2=" " ind1=" " tag="720">
      <subfield code="a">Ozaeta, Arantza</subfield>
      <subfield code="e">author</subfield>
   </datafield>
   <datafield ind2=" " ind1=" " tag="260">
      <subfield code="c">2018</subfield>
   </datafield>
   <datafield ind2=" " ind1=" " tag="520">
      <subfield code="a">Lan honen helburua da aztertzea eta ezaugarritzea unibertsitateko irakasle-bideratzaileek zer nolako bidaidetza mota egiten duten etorkizuneko irakasleekin euren praktikaren analisia bideoaren aurreko autokonfrontazio elkarrizketak egiten ari direnean. 5 irakasle-bideratzailek egindako 10 autokonfrontazio elkarrizketak osatutako corpusean,. aztertu da irakasle-bideratzaile horien rola ikasleekin egindako autokonfrontazio elkarrizketen transkribapenetan eta euren jarduna 9 kategoriatan banatu da. Horietatik bi zehaztapenak eskatzea eta kontrobertsia sortzea, dira elkarrizketetan erabilienak. Irakasle-bideratzailearen profilaren arabera, ordea, ezberdintasunak sumatu dira jarduteko moduetan eta, ondorioz, prestakuntza eredua partekatua izan dadin irakasle-bideratzaileen prestakuntzan sakondu beharko litzateke.</subfield>
   </datafield>
   <datafield ind2=" " ind1=" " tag="520">
      <subfield code="a">The aim of the present paper is to analyse and characterise the way in which teacher educators work with student teachers when conducting analyses of their own practice by means of selfconfrontation interviews. The corpus of this work consists of 10 self-confrontation interviews carried out by 5 teacher educators. The role of those teacher educators was analysed using the transcriptions of the interviews and 9 categories were identified. Two categories were found to be the most common: demanding specifications and creating controversy. Differences were also found as regards teacher educators' profile. As a result, in-depth training for teacher educators has been considered as needed.</subfield>
   </datafield>
   <datafield ind1="8" ind2=" " tag="024">
      <subfield code="a">0214-9753</subfield>
   </datafield>
   <datafield ind1="8" ind2=" " tag="024">
      <subfield code="a">https://katalogoa.mondragon.edu/janium-bin/janium_login_opac.pl?find&amp;ficha_no=150438</subfield>
   </datafield>
   <datafield ind1="8" ind2=" " tag="024">
      <subfield code="a">https://hdl.handle.net/20.500.11984/1909</subfield>
   </datafield>
   <datafield tag="653" ind2=" " ind1=" ">
      <subfield code="a">Irakasleen hasierako prestakuntza</subfield>
   </datafield>
   <datafield tag="653" ind2=" " ind1=" ">
      <subfield code="a">Irakasle-bideratzailea</subfield>
   </datafield>
   <datafield tag="653" ind2=" " ind1=" ">
      <subfield code="a">Jardueraren analisia</subfield>
   </datafield>
   <datafield tag="653" ind2=" " ind1=" ">
      <subfield code="a">Autokonfrontazio elkarrizketa</subfield>
   </datafield>
   <datafield tag="653" ind2=" " ind1=" ">
      <subfield code="a">Initial teacher education</subfield>
   </datafield>
   <datafield tag="653" ind2=" " ind1=" ">
      <subfield code="a">Teacher educators</subfield>
   </datafield>
   <datafield tag="653" ind2=" " ind1=" ">
      <subfield code="a">Analysis of the activity</subfield>
   </datafield>
   <datafield tag="653" ind2=" " ind1=" ">
      <subfield code="a">Self-confrontation interviews</subfield>
   </datafield>
   <datafield ind2="0" ind1="0" tag="245">
      <subfield code="a">Elkarrizketak irakasleen prestakuntzarako bitarteko: irakasle-bideratzaileen jarduna ezaugarritzen</subfield>
   </datafield>
</record></metadata></record></GetRecord></OAI-PMH>